Theories and systems of psychology
Сохранить в:
| Главный автор: | |
|---|---|
| Формат: | |
| Язык: | английский |
| Опубликовано: |
Mass. & Heath
1996
|
| Метки: |
Добавить метку
Нет меток, Требуется 1-ая метка записи!
|
MARC
| LEADER | 00000nam a22000007a 4500 | ||
|---|---|---|---|
| 008 | 201223b ||||| |||| 00| 0 eng d | ||
| 020 | |a 0-669-35446-5 | ||
| 100 | |a LUNDIN, Robert W. | ||
| 245 | |a Theories and systems of psychology |c Robert W. Lundin | ||
| 250 | |b 5th ed.- | ||
| 260 | |b Mass. & Heath |c 1996 |h .- Lexington |i 303399 |i 303400 |l BF81 .L97 | ||
| 942 | |a lcc |c BK |e ADEYEYE Y. S. |f 23/12/2020 | ||
| 952 | |0 0 |1 0 |2 lcc |4 0 |6 BF0081 L97 |7 0 |9 1172 |a HOL |b HOL |c AF |d 2020-12-23 |l 0 |o BF81 .L97 |p 2020-230378 |r 2020-12-23 00:00:00 |w 2020-12-23 |y BK | ||
| 952 | |0 0 |1 0 |2 lcc |4 0 |6 BF0081 L97 |7 0 |9 1177 |a HOL |b HOL |c AF |d 2020-12-23 |l 0 |o BF81 .L97 |p 2020-230383 |r 2020-12-23 00:00:00 |w 2020-12-23 |y BK | ||
| 999 | |c 615 |d 615 | ||